000 02076nam a22003617a 4500
001 42835
003 gtgccic
005 20251124104729.0
007 ta
008 251124b gt ||||| |||| 00| 0 spa d
040 _agtgccic
_bspa
_cgtgccic
_erda
084 _0TPI-17-0125
100 1 0 _aRoberto Mario González Donado
_dIngeniero Civil
_eautpr
245 1 0 _aDesarrollo en infraestructura para la cabecera municipal de Jutiapa,
_bdepartamento de Jutiapa /
_cGonzález Donado, Roberto Mario
264 1 _aGuatemala, Guatemala :
_bUSAC, Facultad de Ingeniería ;
_c2017 .-
300 _axxviii, 76 p. :
_bil. ;
_c27 cm
336 _2rdacontenido
_aTexto
_btxt
337 _2rdamedio
_asin mediación
_bn
338 _2rdasoporte
_avolumen
_bnc
502 _aTesis Postgrado
_bMAESTRO EN ARTES EN INGENIERÍA PARA EL DESARROLLO MUNICIPAL
_cUSAC, Facultad de Ingeniería, Escuela de Postgrado
_d2017
_oTPI-17-0125
504 _aBibliografía pag. 75
505 _t1. MARCO TEÓRICO (desarrollo municipal)
505 _t2. DESCRIPCIÓN DEL CASCO URBANO DEL MUNICIPIO
505 _t3. PLAN DE DESARROLLO DEL CASCO URBANO
505 _t4. ESTUDIO SOCIO-ECONÓMICO DE LOS PROYECTOS PRIORIZADOS
505 _t5. ANÁLISIS DE RESULTADOS
520 3 _aEl área urbana del municipio de Jutiapa (el casco urbano), se encuentra en expansión territorial, debido al gran incremento de sus pobladores, vecinos autóctonos del área urbana, comunidades circundantes y pobladores de diferentes municipios se han dado lugar y asentado en la cabecera del departamento, lo cual ha impulsado un desarrollo económico y comercial que ha demandado los servicios de una municipalidad que se enfrenta con el problema de una baja recaudación, por medio de arbitrios e impuestos que junto con el aporte del gobierno central, no cuenta con recursos suficientes para cumplir sus competencias en cuanto a infraestructura.
650 _aPLANIFICACIÓN DE DESARROLLO
650 _aDESARROLLO URBANO
700 _aM.Sc. Arq. David Ottoniel Veliz Ambrocio
942 _2ddc
_cTPS
945 _aamlo
999 _c2539
_d2539